00810nam a2200229 i 4500003000900000005001700009007000300026008004100029020001800070040003000088082001400118100003600132245011400168264004000282300003900322336002700361337003300388338002800421500008300449521001500532700003300547DO-SdBNP20240430100925.0ta240426s2018 dr a 000 0 spaeng d a9789945908275 aDO-SdBNPbspacBNPHUerda 4222bR457L1 aReyes Peña, Gladys A.eautora10aLengua Española :baprendiendo con Tatica 1er. grado /cGladys A. Reyes Peña ; ilustraciones, Lía Sued aSanto Domingo :bCamilo SRL,c2018. a2 volumen :bilustracionesc21 cm. 2rdacontentatextobtxt 2rdamediaasin mediaciónbn 2rdacarrieravolumenbnc avolumen 1 ; libro de texto, ; tomo 1 versión cursiva ; tomo 2, version scrip aPreescolar1 aSued, Lía, eilustraciones